000 00364nam a2200145Ia 4500
008 100122s9999 xx 000 0 und d
082 _b29859
_a823
100 _aमोरे महादेव
245 _aझळा
260 _bअजब पुस्तकालय
_c1905
300 _a249
630 _aझळा
730 _aझळा
942 _cBOOK
999 _c414944
_d414941